Statistics for Most Populated Countries on a Map

Click here to take the quiz!

General Stats

  • This quiz has been taken 221 times
  • The average score is 45 of 50

Answers on the Map

Answers color-coded by a green-red scale on the quiz's map according to % correct below.
 

Answer Stats

ContinentCountry% Correct
AsiaChina
99%
AsiaIndia
98%
North AmericaUnited States
98%
EuropeFrance
97%
North AmericaMexico
97%
EuropeRussia
97%
South AmericaBrazil
96%
EuropeGermany
96%
AsiaIndonesia
96%
AsiaJapan
96%
EuropeSpain
96%
EuropeUnited Kingdom
96%
South AmericaArgentina
95%
AsiaIran
95%
EuropeItaly
95%
AsiaPakistan
95%
North AmericaCanada
94%
AfricaEgypt
94%
AfricaNigeria
94%
AfricaSouth Africa
94%
AsiaTurkey
94%
AsiaVietnam
94%
AfricaDR Congo
93%
AfricaAlgeria
92%
South AmericaColombia
92%
South AmericaPeru
92%
AsiaPhilippines
92%
EuropePoland
92%
AsiaSaudi Arabia
92%
AsiaThailand
92%
AfricaEthiopia
90%
EuropeUkraine
90%
AfricaSudan
89%
AsiaAfghanistan
88%
AsiaBangladesh
88%
AsiaIraq
88%
AsiaMalaysia
88%
AsiaMyanmar
88%
AsiaSouth Korea
88%
South AmericaVenezuela
88%
AfricaKenya
86%
AfricaTanzania
86%
AfricaAngola
80%
AfricaMorocco
80%
AfricaMozambique
73%
AfricaUganda
73%
AsiaNepal
69%
AsiaYemen
69%
AfricaGhana
66%
AsiaUzbekistan
61%

Score Distribution

Percentile by Number Answered

Percent of People with Each Score

Your Score History

You have not taken this quiz